000 00571nam a2200181 i 4500
001 102503
003 ES-MaACL
005 20250804012823.0
007 t|
008 051111s1935 sp ||||1| spa d
100 1 _aMercier, Désiré-Joseph
_cCardinal.
_980462
245 1 0 _aCurso de Filosofía
_b: Metafísica general u ontología /
_cCardenal Désiré-Joseph Mercier.
260 _aMadrid :
_b[s.n.],
_c1935 (
_fL. Rubio)
300 _a3 v. ;
_c20 cm.
650 7 _aMetafísica
_2embne
_915012
852 _aES-MaACL
_jB-9854-56
_bR.19637
999 _c102503
_d102503